LEADER 00958nam a2200241 u 4500 001 000000056044 003 CaOOAMICUS 005 20070226120430.0 008 010328s1988 it u000 u ita u 035 $a10870378 040 $aPUL(R)$bita 100 1 $aGrossi, Pierfrancesco.$0(OLS)http://pul/name/34988 245 12$aI Diritti di libert{hooka} ad uso di lezioni.$nI,1, /$cPierfrancesco Grossi. 260 $aTorino :$bGiappichelli,$cc1988. 300 $a250 p. ;$c24 cm 500 $aContiene indici. 650 4$aDiritti di libertà.$0(OLS)http://pul/subject/9624 850 $aPUL 852 $aPUL$W1$xSL Diritto e Scienze Sociali 1$y4$m237 D 93$j73584$nBK-PRI$b $qStampati$B73584$CPULBib$Z2$F73584 $H $81 941 1 $a8 961 $aINV: 64647 996 $6245$aI Diritti di libert{hooka} ad uso di lezioni.$nI,1,$9(OLS)http://pul/title/74984 996 $6260$aTorino :$bGiappichelli$9(OLS)http://pul/publisher/48244 LEADER 01208nam a2200313 u 4500 001 000000066147 003 CaOOAMICUS 005 20070226121537.0 008 020108s1989 it u000 u ita u 020 $a887088208X 035 $a10915528 040 $aPUL(R)$bita$dPUL 100 1 $aTessitore, Fulvio.$0(OLS)http://pul/name/13024 245 10$aLetture quotidiane.$nPrima serie,$pLetture di storia /$cFulvio Tessitore. 246 30$aLetture di storia 260 $aNapoli :$bBibliopolis,$c1989. 300 $a355 p. ;$c22 cm 490 1 $aSaggi Bibliopolis ;$v33 500 $aContiene indice. 504 $aBibliografia in nota. 830 0$aSaggi Bibliopolis ;$v33.$0(OLS)http://pul/title/3577 850 $aPUL 852 $aPUL$W1$xSL Filosofia 1$y2$m96 A 37$j85521$nBK-PRI$b $qStampati$B85521$CPULBib$Z2$F85521 $H $81 941 1 $a8 961 $aINV: 61750 996 $6020$a887088208X$9(OLS)http://pul/number/85808 996 $6245$aLetture quotidiane.$nPrima serie,$pLetture di storia$9(OLS)http://pul/title/87881 996 $6246$aLetture di storia$9(OLS)http://pul/title/87882 996 $6260$aNapoli :$bBibliopolis$9(OLS)http://pul/publisher/49069